| 000 -ლიდერი |
| ფიქსირებული სიგრძის საკონტროლო ველი |
01032nam a2200229Ia 4500 |
| 001 - საკონტროლო ნომერი |
| საკონტროლო ველი |
6533 |
| 003 - საკონტროლო ნომრის იდენტიფიკატორი |
| საკონტროლო ველი |
GE_BSU |
| 005 - ბოლო ოპერაციის თარიღი და დრო |
| საკონტროლო ველი |
20191018173423.0 |
| 008 - ფიქსირებული სიგრძის მონაცემთა ელემენტები - ზოგადი ინფორმაცია |
| ფიქსირებული სიგრძის საკონტროლო ველი |
181216s1971||||g |||||||||||||| ||geo|| |
| 040 ## - კატალოგიზაციის წყარო |
| Transcribing agency |
GE_BSU |
| 041 ## - ენის კოდი |
| Language code of text/sound track or separate title |
geo |
| 080 ## - უნივერსალური ათობითი კლასიფიკაციის ინდექსი |
| Universal Decimal Classification number |
821.353.1-11 ბ-78 |
| 100 ## - მთავარი ჩანაწერი - პიროვნების სახელი |
| Personal name |
ბობოხიძე, კალე |
| 9 (RLIN) |
4852 |
| 245 ## - ცნობა სათაურის შესახებ |
| Title |
რა მაწუხებდა, რა მახარებდა : |
| Remainder of title |
პოემა-ქრონიკა / |
| Statement of responsibility, etc |
კალე ბობოხიძე ; რედ. მ. ქოიავა ; მხატვ. ს. ღამბაშიძე. |
| 264 ## - წარმოების, გამოცემის, დისტრიბუციის და სხვა ცნობები |
| გამოცემის, წარმოების, დისტრიბუციის... ადგილი |
თბილისი : |
| გამოცემის, წარმოების, დისტრიბუციის... სახელწოდება |
მერანი ; |
| გამოცემის, წარმოების, დისტრიბუციის... თარიღი |
1971. |
| 300 ## - ფიზიკური აღწერა |
| Extent |
90 გვ. ; |
| Other physical details |
1ფ. პორტრ. |
| Dimensions |
19 სმ. |
| 653 ## - INDEX TERM--UNCONTROLLED |
| Uncontrolled term |
რა მაწუხებდა, რა მახარებდა |
| 653 ## - INDEX TERM--UNCONTROLLED |
| Uncontrolled term |
პოემა-ქრონიკა |
| 700 ## - ADDED ENTRY--PERSONAL NAME |
| Personal name |
ქოიავა, მ. |
| Relator term |
რედაქტორი |
| 9 (RLIN) |
4864 |
| 700 ## - ADDED ENTRY--PERSONAL NAME |
| Personal name |
ღამბაშიძე, ს. |
| Relator term |
მხატვარი |
| 9 (RLIN) |
4865 |
| 942 ## - ADDED ENTRY ELEMENTS (KOHA) |
| Koha item type |
წიგნი |
| Source of classification or shelving scheme |
|